[Event "Huntingdale Masters 2009"]
[Site "Huntingdale Chess Club"]
[Date "2009.04.17"]
[Round "1"]
[White "Vlietstra, Marc"]
[Black "Dunlop, Gordon"]
[Result "1-0"]
[WhiteElo "2013"]
[BlackElo "1845"]

1. e4 a6 2. Bc4 e6 3. Nc3 b5 4. Bb3 Nc6 5. Nf3 Bb7 6. d3 g6 7. Bg5 Be7 8. Bxe7
Qxe7 9. Qd2 Na5 10. O-O Nxb3 11. axb3 Nf6 12. h3 O-O 13. Qh6 Ne8 14. Qe3 Kg7
15. Nh2 f5 16. f4 fxe4 17. dxe4 c5 18. Rad1 Nc7 19. Ng4 Rad8 20. e5 Rf5 21. Nf6
d5 22. g4 d4 23. Qd2 Rxf6 24. exf6+ Qxf6 25. Ne2 Nd5 26. Nxd4 Qxd4+ 27. Qxd4+
cxd4 28. Rxd4 Rf8 29. c4 bxc4 30. bxc4 Ne3 31. Rf2 Rf7 32. Re2 e5 33. fxe5 Rf1+
34. Kh2 Rh1+ 35. Kg3 Nf1+ 36. Kf2 Bc6 37. Rd6 Ba4 38. Re1 1-0

[Event "Huntingdale Masters 2009"]
[Site "Huntingdale Chess Club"]
[Date "2009.04.17"]
[Round "1"]
[White "Roza, Peter"]
[Black "Barber, Hayden"]
[Result "1/2-1/2"]
[WhiteElo "1880"]
[BlackElo "2092"]

1. e4 c5 2. Nf3 Nc6 3. Bb5 g6 4. O-O Bg7 5. c3 Nf6 6. Qa4 O-O 7. d4 Qb6 8. d5
Nb8 9. Re1 d6 10. Bf1 Nbd7 11. Nbd2 Qc7 12. Qc2 Ne5 13. Nxe5 dxe5 14. b3 Nh5
15. g3 f5 16. Bg2 f4 17. Qd3 Bd7 18. c4 g5 19. b4 cxb4 20. a3 Qb6 21. c5 Qxc5
22. axb4 Qb6 23. Nc4 Qf6 24. Bb2 Bb5 25. d6 Qe6 26. dxe7 Rfc8 27. Qd1 Bxc4 28.
Qxh5 Qxe7 29. Bh3 Bf7 30. Qe2 Rc6 31. b5 Bc4 32. bxc6 Bxe2 33. cxb7 Rb8 34.
Rxe2 f3 35. Rc2 Qxb7 36. Be6+ Kh8 37. Bd5 Qd7 38. Ra3 h5 39. Rxf3 Qa4 40.
Rfc3 Rxb2 41. Rc8+ Kh7 42. R2c6 Qd1+ 1/2-1/2

[Event "Huntingdale Masters 2009"]
[Site "Huntingdale Chess Club"]
[Date "2009.04.17"]
[Round "1"]
[White "Donaldson, Thomas"]
[Black "Choong, Yita"]
[Result "1/2-1/2"]
[WhiteElo "2003"]
[BlackElo "1944"]

1. d4 Nf6 2. Nf3 g6 3. Bg5 Bg7 4. Nbd2 O-O 5. e4 d6 6. c3 Nbd7 7. Bc4 e5 8.
dxe5 dxe5 9. O-O Qe8 10. Qe2 h6 11. Be3 Ng4 12. Nh4 Nxe3 13. fxe3 Kh7 14. Rf2
Qe7 15. g3 Nf6 16. Qf1 Be6 17. Bxe6 Qxe6 18. Qg2 Qb6 19. Nf1 Rad8 20. g4 Rd3
21. Qf3 Qc6 22. Ng3 Rfd8 23. h3 Qd7 24. Ng2 Rd1+ 25. Rxd1 Qxd1+ 26. Qxd1 Rxd1+
27. Rf1 Rd3 28. Rf3 Kg8 29. Kf1 Rd1+ 30. Ne1 Ra1 31. a3 c5 32. Rf2 c4 33. Rd2
Rb1 34. Ke2 Kf8 35. Rc2 Nd7 36. Nf3 b5 37. a4 a6 38. axb5 axb5 39. Nd2 Rg1 40.
Kf2 Ra1 41. b3 1/2-1/2

[Event "Huntingdale Masters 2009"]
[Site "Huntingdale Chess Club"]
[Date "2009.05.09"]
[Round "1"]
[White "Boyd, Tristan"]
[Black "Holland, Dennis"]
[Result "1/2-1/2"]
[WhiteElo "2272"]
[BlackElo "1837"]

1. d4 d5 2. c4 e6 3. Nc3 Nf6 4. Bg5 c6 5. e3 Nbd7 6. Nf3 Qa5 7. Nd2 dxc4 8.
Bxf6 Nxf6 9. Nxc4 Qc7 10. Be2 Be7 11. O-O O-O 12. Rc1 Nd5 13. Ne4 Nb6 14. Ne5
Nd7 15. Nf3 Nf6 16. Qc2 Rd8 17. Rfd1 Bd7 18. Nc5 Be8 19. Bd3 Bxc5 20. Qxc5 Rd5
21. Qc2 Rh5 22. e4 Qf4 23. Qd2 Qxd2 24. Nxd2 Ra5 25. a3 b5 26. Nb3 Ra6 27. Nc5
Rb6 28. b4 a5 29. Rb1 a4 30. Be2 Rd8 31. Rb2 Kf8 32. f4 Nd7 33. Rbd2 Ke7 34. d5
Nxc5 35. bxc5 Rbb8 36. d6+ Kd7 37. Rd4 f6 38. R1d3 Bf7 39. e5 f5 40. Kf2 h6 41.
g4 g6 42. Rh3 h5 43. gxh5 gxh5 44. Rg3 Rg8 45. Rxg8 Rxg8 46. Bd1 Ra8 47. Bc2
Rg8 48. Rb4 Ra8 49. Rb1 Rg8 50. Bd1 Be8 51. Be2 Bf7 52. Rg1 Rxg1 53. Kxg1 h4
54. Kg2 b4 55. axb4 Bh5 56. Bc4 Bd1 57. Ba2 Bb3 58. Bb1 Bd5+ 59. Kf2 a3 60. Ke3
a2 61. Bxa2 Bxa2 62. Kf2 Bd5 63. Ke3 Kc8 64. Kf2 Kd7 65. Ke3 Kc8 66. Kf2 Kb7
67. Ke3 Bg2 68. Kf2 Bh3 69. Kf3 Bf1 70. Kf2 Bh3 1/2-1/2

[Event "Huntingdale Masters 2009"]
[Site "Huntingdale Chess Club"]
[Date "2009.04.23"]
[Round "2"]
[White "Hare, Tim"]
[Black "Choong, Yita"]
[Result "0-1"]
[WhiteElo "2013"]
[BlackElo "1944"]

1. c4 g6 2. Nc3 Bg7 3. g3 Nf6 4. Bg2 O-O 5. e3 d6 6. Nge2 e5 7. O-O Re8 8. d3
h5 9. e4 c6 10. Bg5 Qc7 11. h3 Nbd7 12. Be3 Nc5 13. f4 exf4 14. gxf4 Nh7 15. b4
Nd7 16. Qd2 f5 17. Rab1 Ndf6 18. a4 fxe4 19. dxe4 Be6 20. Qd3 Qf7 21. c5 dxc5
22. Bxc5 Rad8 23. Qg3 b6 24. Bf2 Bc4 25. e5 Rd3 26. Qh4 Nd5 27. Ne4 Bf8 28.
Rbc1 Nxb4 29. Rxc4 Qxc4 30. f5 Qf7 31. fxg6 Qxg6 32. Nf4 Qh6 33. Nxd3 Nxd3 34.
Qg3+ Bg7 35. Be3 Qe6 36. Rd1 Nxe5 37. Rd6 Qe7 38. Bh6 h4 39. Qb3+ Kh8 40. Bf4
Rf8 41. Bc1 c5 42. Qd5 Qf7 43. Re6 Nf3+ 44. Kh1 Ne1 45. Nd6 Qf2 46. Rg6 Bd4 47.
Rg8+ Rxg8 48. Nf7+ Qxf7 49. Qxf7 Nxg2 50. Qxa7 Ne1 51. Qf7 Rf8 52. Qd5 Rf1+ 53.
Kh2 Bg1+ 0-1

[Event "Huntingdale Masters 2009"]
[Site "Huntingdale Chess Club"]
[Date "2009.04.24"]
[Round "2"]
[White "Holland, Dennis"]
[Black "Donaldson, Tom"]
[Result "1-0"]
[WhiteElo "1837"]
[BlackElo "2003"]

1. d4 d5 2. c4 c6 3. e3 Nf6 4. Nc3 a6 5. a3 b5 6. cxd5 cxd5 7. Bd3 Bb7 8. Nf3
Nbd7 9. O-O e6 10. Nd2 Nb6 11. b3 Bd6 12. f4 O-O 13. Rf3 b4 14. axb4 Bxb4 15.
Na2 Be7 16. Rh3 g6 17. g4 Ne4 18. Bxe4 dxe4 19. g5 h5 20. Bb2 Nd5 21. Nc3 Nxc3
22. Bxc3 e5 23. Nc4 exf4 24. exf4 Bc8 25. Re3 Bf5 26. Ne5 Qe8 27. Ra5 f6 28.
gxf6 Bxf6 29. Bb4 Be7 30. Bxe7 Qxe7 31. Rg3 Qd6 32. Nxg6 Bxg6 33. Rxg6+ Qxg6+
34. Rg5 Qxg5+ 35. fxg5 Rad8 36. Qxh5 Rxd4 37. Qg6+ Kh8 38. Qh6+ Kg8 39. Qe6+
Kh7 40. g6+ Kg7 41. Qe5+ Kxg6 42. Qxd4 Rf4 43. Qd6+ Kf5 44. Qxa6 e3 45. Qd3+
Kg4 46. Qxe3 Rf5 47. Qe4+ 1-0

[Event "Huntingdale Masters 2009"]
[Site "Huntingdale Chess Club"]
[Date "2009.04.24"]
[Round "2"]
[White "Dunlop, Gordon"]
[Black "Boyd, Tristan"]
[Result "1/2-1/2"]
[WhiteElo "1845"]
[BlackElo "2272"]

1. e4 e6 2. d4 d5 3. Nc3 Nf6 4. e5 Nfd7 5. Nf3 c5 6. Bf4 Nc6 7. Bb5 a6 8. Bxc6
bxc6 9. O-O Be7 10. dxc5 Bxc5 11. Nd4 Bb7 12. Bg3 O-O 13. Qg4 Be7 14. f4 Qb6
15. Nce2 c5 16. f5 h5 17. Qxh5 cxd4 18. f6 Bxf6 19. Rxf6 Nxf6 20. exf6 gxf6 21.
Qg4+ Kh7 22. Qh4+ Kg7 23. Rf1 d3+ 24. Kh1 Qd8 25. Nf4 f5 26. Nh5+ Kg6 27. Nf4+
Kg7 28. Nh5+ Kg6 29. Nf4+ 1/2-1/2

[Event "Huntingdale Masters 2009"]
[Site "Huntingdale Chess Club"]
[Date "2009.04.24"]
[Round "2"]
[White "Barber, Haydn"]
[Black "Vlietstra, Marc"]
[Result "1/2-1/2"]
[WhiteElo "2092"]
[BlackElo "2013"]

1. e4 e5 2. Nf3 Nc6 3. Bb5 a6 4. Bxc6 dxc6 5. O-O Bd6 6. d4 exd4 7. Qxd4 f6 8.
e5 Bxe5 9. Qxd8+ Kxd8 10. Nxe5 fxe5 11. Re1 Bf5 12. Rxe5 Bxc2 13. Na3 Bg6 14.
Bg5+ Nf6 15. Rd1+ Kc8 16. Re7 Nd5 17. Rxg7 b5 18. Nb1 b4 19. Nd2 Kb7 20. Nc4
Rhg8 21. Rxg8 Rxg8 22. h4 Re8 23. Ne3 Nxe3 1/2-1/2

[Event "Huntingdale Masters 2009"]
[Site "Huntingdale Chess Club"]
[Date "2009.04.24"]
[Round "2"]
[White "Kurniawan, Stephanus"]
[Black "Roza, Peter"]
[Result "1-0"]
[WhiteElo "1880"]
[BlackElo "2133"]

1. e4 e5 2. Nf3 Nc6 3. Bb5 a6 4. Ba4 Nf6 5. O-O Be7 6. Re1 b5 7. Bb3 d6 8. c3
O-O 9. h3 Bb7 10. d4 Re8 11. Nbd2 Bf8 12. Nf1 exd4 13. cxd4 Nxe4 14. Rxe4 Rxe4
15. Ng5 Re7 16. Qh5 h6 17. Nxf7 Rxf7 18. Qxf7+ Kh7 19. Qg8+ Kg6 20. Bc2+ Kf6
21. d5 Nd4 22. Ng3 Qe8 23. Bd3 Qf7 24. Qh8 Bxd5 25. Bxh6 Ke7 26. Be3 Ne6 27. a4
b4 28. Qh4+ Kd7 29. Qxb4 Be7 30. Bxa6 Nd8 31. Bd3 Nc6 32. Qd2 Bf6 33. Bf5+ Kd8
34. Be4 Bxe4 35. Nxe4 Qc4 36. Nxd6 1-0

[Event "Huntingdale Masters 2009"]
[Site "Huntingdale Chess Club"]
[Date "2009.05.01"]
[Round "3"]
[White "Roza, Peter"]
[Black "Hare, Tim"]
[Result "0-1"]
[WhiteElo "1880"]
[BlackElo "2013"]

1. d4 g6 2. e4 c6 3. Be3 d5 4. Nc3 Bg7 5. Qd2 h5 6. O-O-O Nh6 7. f3 b5 8. Nge2
b4 9. Nb1 a5 10. h3 Na6 11. Nf4 Nc7 12. Be2 Rb8 13. g4 dxe4 14. fxe4 hxg4 15.
hxg4 Nxg4 16. Rxh8+ Bxh8 17. Bxg4 Bxg4 18. Qh2 Bxd1 19. Qxh8+ Kd7 20. Qh3+ e6
21. Kxd1 Qh8 22. Qf3 Rb5 23. Nd3 Rh5 24. Qxf7+ Kc8 25. Nd2 Rh1+ 26. Ne1 a4 27.
Ndf3 a3 28. bxa3 bxa3 29. Bf4 Rh7 30. Qxg6 Rd7 31. Be5 Qf8 32. c3 Nb5 33. Kc2
c5 34. Qxe6 Nc7 35. d5 Nxe6 36. dxe6 Rb7 37. c4 Qh6 38. Bc3 Qxe6 39. Ne5 Qh3
40. N1f3 Qg2+ 41. Nd2 Rb2+ 42. Bxb2 axb2 43. Nef3 Qg7 44. Ne1 Qb7 45. Kb1 Qb4
46. Nef3 Qc3 47. a4 Qc1+ 48. Ka2 Qa1+ 0-1

[Event "Huntingdale Masters 2009"]
[Site "Huntingdale Chess Club"]
[Date "2009.05.01"]
[Round "3"]
[White "Donaldson, Tom"]
[Black "Dunlop, Gordon"]
[Result "0-1"]
[WhiteElo "2003"]
[BlackElo "1845"]

1. d4 d5 2. c4 e6 3. Nc3 Be7 4. f3 Nf6 5. Bg5 h6 6. Bh4 O-O 7. cxd5 Nxd5 8.
Bxe7 Qxe7 9. e4 Ne3 10. Qe2 Nxf1 11. Qxf1 b6 12. Qf2 Na6 13. Nge2 c5 14. Rd1
Bb7 15. O-O Rfd8 16. e5 cxd4 17. Nxd4 Nc5 18. Rfe1 Rac8 19. f4 Ba6 20. Re3 Qb7
21. b4 Nd3 22. Rexd3 Bxd3 23. Rxd3 Qa6 24. Qd2 Qc4 25. Nce2 Qd5 26. a3 Rc4 27.
Qe3 a5 28. Qg3 g6 29. Qh4 axb4 30. Qf6 Rdc8 31. f5 Qd8 {time} 0-1

[Event "Huntingdale Masters 2009"]
[Site "Huntingdale Chess Club"]
[Date "2009.05.01"]
[Round "3"]
[White "Choong, Yita"]
[Black "Holland, Dennis"]
[Result "1/2-1/2"]
[WhiteElo "1944"]
[BlackElo "1837"]

1. e4 e6 2. d4 d5 3. Nd2 dxe4 4. Nxe4 Nd7 5. Nf3 Ngf6 6. Nxf6+ Nxf6 7. c3 Be7
8. Bd3 h6 9. O-O O-O 10. Ne5 Nd7 11. Nxd7 Bxd7 12. Qg4 f5 13. Qg3 Bd6 14. Bf4
Bc6 15. Rfe1 Bxf4 16. Qxf4 Qd5 17. f3 Qd7 18. Re2 Rad8 19. Rae1 Bd5 20. b3 Qd6
21. Re5 c5 22. Qe3 cxd4 23. Qxd4 Qc6 24. Qxa7 Qxc3 25. Bb1 Be4 26. Qa5 Qxa5 27.
Rxa5 Bxb1 28. Rxb1 Rd2 29. Rc1 Rfd8 30. Rac5 Rxa2 31. Rc8 Rxc8 32. Rxc8+ Kh7
33. Rb8 Rb2 34. Rxb7 Kg6 35. f4 Kf6 36. h4 Kg6 1/2-1/2

[Event "Huntingdale Masters 2009"]
[Site "Huntingdale Chess Club"]
[Date "2009.05.07"]
[Round "3"]
[White "Vlietstra, Marc"]
[Black "Kurniawan, Stephanus"]
[Result "0-1"]
[WhiteElo "2013"]
[BlackElo "2133"]

1. e3 Nf6 2. Nf3 g6 3. b3 Bg7 4. Bb2 O-O 5. c4 d6 6. Be2 e5 7. d4 e4 8. Nfd2
Qe7 9. Nc3 c6 10. Qc2 Re8 11. h3 a6 12. b4 a5 13. b5 c5 14. d5 Nbd7 15. g4 h6
16. O-O-O a4 17. a3 Ne5 18. Ncxe4 Nxe4 19. Qxe4 f5 20. gxf5 Bxf5 21. Qg2 Qf6
22. Nf3 Nd3+ 23. Rxd3 Qxb2+ 24. Kd1 Bxd3 25. Bxd3 Rxe3 26. Qxg6 Rxf3 27. Qe6+
Kh8 28. Qg6 Rxd3+ 0-1

[Event "Huntingdale Masters 2009"]
[Site "Huntingdale Chess Club"]
[Date "2009.06.01"]
[Round "3"]
[White "Boyd, Tristan"]
[Black "Barber, Haydn"]
[Result "1/2-1/2"]
[WhiteElo "2272"]
[BlackElo "2092"]

1. d4 Nf6 2. c4 c5 3. d5 e6 4. Nc3 exd5 5. cxd5 d6 6. e4 g6 7. h3 Bg7 8. Bd3
O-O 9. Nf3 Nh5 10. O-O Nd7 11. Bg5 Bf6 12. Bh6 Re8 13. Qd2 a6 14. Rfe1 Ne5 15.
Nxe5 Bxe5 16. Ne2 Bh8 17. Rac1 Bd7 18. Bg5 Bf6 19. Be3 Bg7 20. g4 Nf6 21. Ng3
Bb5 22. Bb1 Nd7 23. b3 a5 24. a4 Ba6 25. f4 b5 26. axb5 Bxb5 27. g5 Nb6 28. Bd3
Qd7 29. Kg2 a4 30. bxa4 Rxa4 31. Bxb5 Qxb5 32. Bf2 Rb4 33. Re2 Nd7 34. h4 Ra8
35. Rc2 Ra3 36. Ra2 Rba4 37. Rxa3 Rxa3 38. Re3 Qb4 39. Qe2 Rxe3 40. Bxe3 Qb3
41. Nf1 Qa4 42. Nd2 Nb6 43. Kf3 Bd4 44. Bxd4 Qxd4 45. Qe3 Qb4 46. Qb3 Qxd2 47.
Qxb6 Qd3+ 48. Kf2 Qd2+ 1/2-1/2

[Event "Huntingdale Masters 2009"]
[Site "Huntingdale Chess Club"]
[Date "2009.05.08"]
[Round "4"]
[White "Hare, Tim"]
[Black "Holland, Dennis"]
[Result "1-0"]
[WhiteElo "2013"]
[BlackElo "1837"]

1. c4 e6 2. Nf3 d5 3. g3 Nf6 4. Bg2 Bd6 5. O-O c6 6. d4 Nbd7 7. b3 Qe7 8. Bb2
Ne4 9. Nbd2 f5 10. Ne5 Nxe5 11. dxe5 Bc5 12. a3 Qg5 13. Nf3 Qd8 14. b4 Qb6 15.
e3 dxc4 16. Qc2 Be7 17. Qxc4 a5 18. Bd4 Qa6 19. Qc2 O-O 20. Ne1 Bd7 21. Bxe4
fxe4 22. Qxe4 axb4 23. axb4 Qc4 24. Qd3 Qxd3 25. Nxd3 Rfc8 26. Bc5 Kf7 27. f4
Ke8 28. g4 Bd8 29. Kg2 b6 30. Bd6 c5 31. bxc5 Bb5 32. Rxa8 Rxa8 33. Rd1 Ra2+
34. Kg3 Re2 35. Kf3 Rxh2 36. f5 Rh3+ 37. Ke4 exf5+ 38. gxf5 Bg5 39. Nf4 Bc6+
40. Kd4 Bxf4 41. exf4 bxc5+ 42. Kxc5 Rc3+ 43. Kd4 Rb3 44. e6 h5 45. Rg1 Rb7 46.
f6 1-0

[Event "Huntingdale Masters 2009"]
[Site "Huntingdale Chess Club"]
[Date "2009.05.08"]
[Round "4"]
[White "Barber, Haydn"]
[Black "Donaldson, Tom"]
[Result "0-1"]
[WhiteElo "2092"]
[BlackElo "2003"]

1. e4 c6 2. d4 d5 3. e5 c5 4. Nf3 Nc6 5. dxc5 Bg4 6. Nc3 e6 7. h3 Bxf3 8. Qxf3
Nxe5 9. Qg3 Nc6 10. Be3 Nge7 11. O-O-O Nf5 12. Qf4 Nxe3 13. Qxe3 d4 14. Qg3 Qa5
15. Nb5 Rc8 16. Kb1 Bxc5 17. Qxg7 Rf8 18. Qg5 Qb6 19. Qg3 a6 20. Nd6+ Bxd6 21.
Qxd6 Rd8 22. Qa3 Rg8 23. g4 Rg5 24. f4 Ra5 25. Qb3 Qc7 26. Bd3 h6 27. Rhf1 Ne7
28. f5 e5 29. Be4 Rd6 30. Qxb7 Qc5 31. f6 Nd5 32. Qb8+ Kd7 33. Bf5+ Kc6 34.
Qc8+ Kb6 35. Qb8+ Kc6 36. Qc8+ Kb5 37. Bd7+ Kc4 38. Rd3 Qxc8 39. Bxc8 Nf4 40.
Rdf3 Rxf6 41. Bf5 Kd5 42. Re1 Rc5 43. Rb3 h5 44. Be4+ Kd6 45. g5 Re6 46. h4 Rb5
47. Rxb5 axb5 48. Kc1 b4 49. Kd2 Kc5 50. a4 bxa3 51. bxa3 Ra6 52. Ra1 Ng6 53.
Rf1 Nf4 54. Ra1 Ra7 55. Bf3 Ra4 56. Be4 Kd6 57. Kc1 Ra5 58. Bf3 Ke6 59. Kb2
Rb5+ 60. Ka2 Nd5 61. Bxd5+ Kxd5 62. Rf1 Rb7 63. a4 e4 64. Ka3 Kc4 65. a5 e3 66.
Rd1 Kc3 67. Rd3+ Kc4 68. Rd1 Rb5 69. Ka4 Rb2 70. Ka3 Rxc2 71. a6 Kd5 72. Rb1
Rc8 73. a7 Ra8 74. Rb7 e2 75. Re7 Rxa7+ 0-1

[Event "Huntingdale Masters 2009"]
[Site "Huntingdale Chess Club"]
[Date "2009.05.08"]
[Round "4"]
[White "Roza, Peter"]
[Black "Vlietstra, Marc"]
[Result "0-1"]
[WhiteElo "1880"]
[BlackElo "2013"]

1. d4 Nf6 2. Bg5 e6 3. e4 Be7 4. Nd2 h6 5. Bf4 d5 6. e5 Nfd7 7. Qg4 g5 8. Be3
c5 9. c3 Nc6 10. Bd3 Qb6 11. Ne2 Ndxe5 12. dxe5 Nxe5 13. Qa4+ Bd7 14. Qc2 Qd6
15. O-O-O b5 16. c4 bxc4 17. Nxc4 dxc4 18. Be4 Nd3+ 19. Bxd3 cxd3 20. Rxd3 Qc7
21. Rhd1 Bb5 22. Rc3 Bxe2 23. Qxe2 Rb8 24. Qf3 Qe5 25. Bxc5 Bxc5 26. Qc6+ Ke7
27. Rd7+ Kf6 28. Qxc5 Qxc5 29. Rxc5 Rhc8 30. Rcc7 Rxc7+ 31. Rxc7 a6 32. Kc2 Rb5
33. Kc3 g4 34. a4 Rf5 35. b4 Rxf2 36. b5 axb5 37. axb5 Rf1 38. Rc4 Rc1+ 39. Kd4
e5+ 40. Kc5 Rxc4+ 41. Kxc4 Ke6 42. Kc5 Kd7 43. Kb6 e4 0-1

[Event "Huntingdale Masters 2009"]
[Site "Huntingdale Chess Club"]
[Date "2009.05.10"]
[Round "4"]
[White "Dunlop, Gordon"]
[Black "Choong, Yita"]
[Result "0-1"]
[WhiteElo "1845"]
[BlackElo "1944"]

1. e4 c5 2. d4 cxd4 3. c3 dxc3 4. Nxc3 Nc6 5. Nf3 d6 6. Bc4 a6 7. O-O Nf6 8.
Ng5 e6 9. f4 h6 10. Nh3 b5 11. Bb3 Na5 12. Bc2 Bb7 13. f5 e5 14. Nd5 Nc4 15. b3
Nb6 16. Nxf6+ Qxf6 17. Be3 d5 18. exd5 Nxd5 19. Bf2 Be7 20. Qe1 Bb4 21. Qe2 Nc3
22. Qg4 Be7 23. Rae1 O-O-O 24. Ba7 h5 25. Qg3 Qc6 26. Rf2 Bf6 27. Ng5 Bxg5 28.
Qxg5 f6 29. Qe3 Nd5 30. Qf3 Qc3 31. Qe2 Nf4 32. Rxf4 exf4 33. Qe6+ Rd7 34. Rd1
Qc6 0-1

[Event "Huntingdale Masters 2009"]
[Site "Huntingdale Chess Club"]
[Date "2009.06.06"]
[Round "4"]
[White "Kurniawan, Stephanus"]
[Black "Boyd, Tristan"]
[Result "0-1"]
[WhiteElo "2133"]
[BlackElo "2272"]

1. e4 c5 2. Nf3 d6 3. d3 Nc6 4. g3 g6 5. Bg2 Bg7 6. O-O e5 7. c3 Nge7 8. a3 O-O
9. b4 Kh8 10. b5 Nb8 11. h4 Bg4 12. Qb3 h6 13. Nbd2 Nd7 14. Bb2 Be6 15. Qc2 f5
16. exf5 gxf5 17. c4 Nf6 18. Rfe1 Ng6 19. Nh2 Qd7 20. Qd1 Rfe8 21. a4 Re7 22.
a5 Rg8 23. Kh1 h5 24. Ndf3 Bh6 25. a6 b6 26. Ng5 Bxg5 27. hxg5 Ng4 28. Nxg4
hxg4 29. Bc6 Rh7+ 30. Kg2 Qd8 31. Qd2 Rgg7 32. Rh1 f4 33. Rxh7+ Rxh7 34. gxf4
Qf8 35. fxe5 d5 36. Qe3 Rh3 37. Rf1 Nh4+ 38. Kg1 Rxe3 39. fxe3 Nf3+ 40. Kg2
dxc4 41. d4 cxd4 42. Bxd4 Qd8 43. Rh1+ Kg7 44. Rd1 c3 45. Bxf3 gxf3+ 46. Kf2
Qh8 47. Rc1 Qh3 0-1

[Event "Huntingdale Masters 2009"]
[Site "Huntingdale Chess Club"]
[Date "2009.05.15"]
[Round "5"]
[White "Holland, Dennis"]
[Black "Dunlop, Gordon"]
[Result "0-1"]
[WhiteElo "1837"]
[BlackElo "1845"]

1. d4 d5 2. c4 e6 3. Nf3 Be7 4. e3 Nf6 5. Bd3 O-O 6. Nc3 b6 7. O-O c5 8. cxd5
Nxd5 9. Nxd5 Qxd5 10. Qc2 Bb7 11. Bxh7+ Kh8 12. Bd3 Nd7 13. e4 Qh5 14. Be2 Qg6
15. Bd3 Rac8 16. Qe2 cxd4 17. Nxd4 Nc5 18. Bb1 Rfd8 19. Qe3 Bxe4 20. Bxe4 Nxe4
21. Re1 Bc5 22. Qxe4 Qxe4 23. Rxe4 Bxd4 24. Bg5 Rd5 25. Be3 Bxb2 26. Rb1 Rc2
27. Ra4 Bc1 28. h3 Bxe3 29. fxe3 Rdd2 30. Rxa7 Rxg2+ 31. Kh1 Rh2+ 32. Kg1 Rcg2+
33. Kf1 Rxa2 34. Kg1 Rxa7 35. Kxh2 Ra3 36. e4 Ra4 37. e5 Ra5 38. Rxb6 Rxe5 39.
Kg3 Kh7 40. Kf4 Rf5+ 41. Kg4 g5 42. Kh5 Kg7 43. Rb2 Kf6 44. h4 gxh4+ 45. Kxh4
Rf4+ 46. Kg3 e5 47. Rb7 Kg5 48. Re7 f6 49. Re8 Kf5 50. Ra8 Rg4+ 51. Kf3 e4+ 52.
Ke3 Rg3+ 53. Kf2 Rf3+ 54. Ke2 Kf4 55. Ra4 f5 56. Ra8 Re3+ 57. Kf2 Rb3 58. Ra2
Rh3 59. Kg2 Rg3+ 0-1

[Event "Huntingdale Masters 2009"]
[Site "Huntingdale Chess Club"]
[Date "2009.05.15"]
[Round "5"]
[White "Vlietstra, Marc"]
[Black "Hare, Tim"]
[Result "0-1"]
[WhiteElo "2013"]
[BlackElo "2013"]

1. e4 c5 2. Nf3 e6 3. c3 Nf6 4. Qc2 Nc6 5. Bb5 a6 6. Bxc6 bxc6 7. d3 d5 8. e5
Nd7 9. O-O Rb8 10. Bf4 Be7 11. c4 g5 12. Bg3 h5 13. h3 g4 14. hxg4 hxg4 15. Nh2
Bh4 16. Qe2 Qg5 17. Nxg4 Rxb2 18. Qxb2 Qxg4 19. Nd2 Bg5 20. Rfe1 f5 21. exf6
Bxf6 22. Qb3 Bd4 23. Nf1 Qh5 24. Nh2 Be5 25. Bxe5 Nxe5 26. Qb8 Qxh2+ 27. Kf1
Ke7 28. Rad1 Qh1+ 29. Ke2 Qh5+ 30. Kd2 Qg5+ 31. Kc2 Nf7 32. g3 Bd7 33. Qb6 d4
34. Rd2 Kd6 35. Rde2 Qd8 36. Qxa6 Qa8 37. Qxa8 Rxa8 38. Kb1 e5 39. Rb2 Bf5 40.
Kc2 Ra3 41. Rd1 Rc3+ 42. Kd2 Bxd3 43. Rb3 Rxb3 44. axb3 Bf5 45. Ra1 Ng5 46. Ra8
Ne4+ 47. Ke1 d3 48. Rd8+ Bd7 49. g4 Ke7 0-1

[Event "Huntingdale Masters 2009"]
[Site "Huntingdale Chess Club"]
[Date "2009.05.15"]
[Round "5"]
[White "Donaldson, Tom"]
[Black "Kurniawan, Stephanus"]
[Result "0-1"]
[WhiteElo "2003"]
[BlackElo "2133"]

1. d4 Nf6 2. Nf3 g6 3. c3 Bg7 4. Bg5 h6 5. Bh4 d6 6. Nbd2 Nbd7 7. e3 O-O 8. Bd3
Qe8 9. Qc2 e5 10. dxe5 dxe5 11. b4 a5 12. Bxf6 Nxf6 13. e4 Qe7 14. a3 Nh5 15.
O-O Bg4 16. Rfe1 Nf4 17. Bf1 Rfd8 18. h3 Be6 19. Nc4 Bxc4 20. Bxc4 Qf6 21. Kh2
h5 22. Rad1 g5 23. Rxd8+ Rxd8 24. Ng1 Qc6 25. Bf1 axb4 26. axb4 Rd6 27. g3 Ne6
28. Re2 Qd7 29. Nf3 g4 30. Nh4 Ng5 31. Bg2 Rd1 32. f4 exf4 33. gxf4 g3+ 34.
Kxg3 Rd3+ 35. Kf2 Rxc3 36. Qxc3 Nxe4+ 37. Bxe4 Bxc3 38. Bxb7 c6 39. b5 Qxb7 40.
bxc6 Qxc6 41. Nf3 Bf6 42. Kg3 Qc4 43. Rg2 Kh7 44. Rg1 h4+ 45. Nxh4 Bxh4+ 46.
Kxh4 Qxf4+ 47. Rg4 Qf2+ 48. Kh5 f6 49. Rg6 Qf5+ 50. Kh4 Kxg6 0-1

[Event "Huntingdale Masters 2009"]
[Site "Huntingdale Chess Club"]
[Date "2009.05.15"]
[Round "5"]
[White "Choong, Yita"]
[Black "Barber, Haydn"]
[Result "0-1"]
[WhiteElo "1944"]
[BlackElo "2092"]

1. d4 Nf6 2. c4 c5 3. d5 e6 4. Nc3 exd5 5. cxd5 d6 6. Nf3 g6 7. h3 Bg7 8. e4 a6
9. a4 Qe7 10. Bd3 O-O 11. O-O Nbd7 12. Bf4 Nh5 13. Bh2 Ne5 14. Be2 Rb8 15. Nxe5
Bxe5 16. Bxh5 Bxh2+ 17. Kxh2 Qe5+ 18. f4 Qxh5 19. Qxh5 gxh5 20. e5 Bf5 21. g4
hxg4 22. hxg4 Bd3 23. Rf3 c4 24. Re3 Rbd8 25. e6 Rfe8 26. f5 Kg7 27. Kg3 h5 28.
Kf4 hxg4 29. Kxg4 Kf6 30. Rxd3 cxd3 31. Kf4 Ke7 32. Ke3 Rh8 33. Ne4 f6 34. Kxd3
Rdg8 35. Rc1 Rh3+ 36. Kd4 Rg4 37. Rc4 Kd8 38. Rb4 Rxe4+ 0-1

[Event "Huntingdale Masters 2009"]
[Site "Huntingdale Chess Club"]
[Date "2009.05.28"]
[Round "5"]
[White "Boyd, Tristan"]
[Black "Roza, Peter"]
[Result "1-0"]
[WhiteElo "2272"]
[BlackElo "1880"]

1. e4 e5 2. Nf3 Nc6 3. Bb5 a6 4. Ba4 Nf6 5. O-O Be7 6. Re1 b5 7. Bb3 d6 8. c3
O-O 9. h3 Bb7 10. d4 Re8 11. Nbd2 Bf8 12. d5 Nb8 13. Nf1 Nbd7 14. N3h2 c6 15.
dxc6 Bxc6 16. Bg5 h6 17. Bxf6 Nxf6 18. Ng4 Nxg4 19. Qxg4 Qg5 20. Qf3 Qf4 21.
Qd3 Rac8 22. Re3 Rc7 23. Rae1 Qh4 24. Rf3 g6 25. Bd5 Bxd5 26. Qxd5 Qe7 27. Ne3
Qe6 28. Qd3 Rc5 29. Nd5 f5 30. b4 fxe4 31. Nf6+ Qxf6 32. Qxe4 Qe6 33. bxc5 d5
34. Qh4 Kg7 35. Qb4 Be7 36. Rd3 Rc8 37. Qd4 Rxc5 38. Rxe5 1-0

[Event "Huntingdale Masters 2009"]
[Site "Huntingdale Chess Club"]
[Date "2009.05.21"]
[Round "6"]
[White "Kurniawan, Stephanus"]
[Black "Choong, Yita"]
[Result "1-0"]
[WhiteElo "2133"]
[BlackElo "1944"]

1. d4 Nf6 2. c4 g6 3. Nc3 Bg7 4. e4 d6 5. Nf3 O-O 6. Be2 e5 7. O-O Nc6 8. d5
Ne7 9. Ne1 Nd7 10. Be3 f5 11. f3 f4 12. Bf2 g5 13. Nb5 b6 14. b4 a6 15. Nc3 Nf6
16. c5 Ng6 17. Rc1 Bd7 18. cxd6 cxd6 19. Na4 Rb8 20. Bxa6 g4 21. Rc6 Bxc6 22.
dxc6 b5 23. Qc2 Qc7 24. Bxb5 g3 25. hxg3 fxg3 26. Bxg3 Nh5 27. Bf2 Qe7 28. c7
Rbc8 29. Nb6 Qg5 30. Nxc8 Nhf4 31. Bd7 Nh4 32. Bxh4 Qxh4 33. Nxd6 Qe7 34. Qc4+
Kh8 35. Nf7+ Rxf7 36. c8=Q+ Bf8 37. Qe8 Qh4 38. Qexf7 1-0

[Event "Huntingdale Masters 2009"]
[Site "Huntingdale Chess Club"]
[Date "2009.05.22"]
[Round "6"]
[White "Barber, Haydn"]
[Black "Holland, Dennis"]
[Result "1-0"]
[WhiteElo "2092"]
[BlackElo "1837"]

1. e4 e6 2. d4 d5 3. Nc3 dxe4 4. Nxe4 Nd7 5. Nf3 Ngf6 6. Bd3 Nxe4 7. Bxe4 Bd6
8. O-O O-O 9. c3 c5 10. Bc2 cxd4 11. Nxd4 Ne5 12. Bf4 Qf6 13. Bg3 Rd8 14. Qe2
a6 15. Rad1 Ng6 16. Nc6 bxc6 17. Bxd6 Bb7 18. Qe3 c5 19. Bxc5 Nf4 20. Be7 Qxe7
21. Qxf4 Rd5 22. Rxd5 Bxd5 23. Rd1 Qb7 24. c4 Qxb2 25. Qd2 g6 26. cxd5 Rc8 27.
Bb3 Qxd2 28. Rxd2 exd5 29. g4 Kg7 30. Rxd5 Rc7 31. h4 Re7 32. Kg2 Rc7 33. Kg3
Re7 34. Ra5 1-0

[Event "Huntingdale Masters 2009"]
[Site "Huntingdale Chess Club"]
[Date "2009.05.22"]
[Round "6"]
[White "Vlietstra, Marc"]
[Black "Boyd, Tristan"]
[Result "0-1"]
[WhiteElo "2013"]
[BlackElo "2272"]

1. d4 Nf6 2. c4 g6 3. Nc3 Bg7 4. e4 d6 5. Nf3 O-O 6. Be2 e5 7. O-O Nc6 8. d5
Ne7 9. b4 Nh5 10. Re1 f5 11. Nd2 Nf6 12. c5 Kh8 13. f3 Neg8 14. Nc4 Nh6 15. Be3
fxe4 16. fxe4 Nfg4 17. Qd2 Nxe3 18. Qxe3 Nf7 19. Rf1 Bh6 20. Qd3 Qe7 21. cxd6
cxd6 22. Rf2 b6 23. Raf1 Bd7 24. a4 Ng5 25. b5 Rf4 26. Nd2 Raf8 27. Na2 Qf6 28.
Bf3 Bg4 29. Nc3 Qf7 30. Qe2 Qc7 31. Qd3 Nxf3+ 32. Nxf3 Rc8 33. Ne2 Rff8 34. h3
Bd7 35. Ne1 Qc5 36. Qc2 Rxf2 37. Rxf2 Qxc2 38. Nxc2 Rxc2 39. Rf7 Bxb5 0-1